| 000 | 00529nam a2200169Ia 4500 | ||
|---|---|---|---|
| 008 | 230917s9999||||xx |||||||||||||| ||und|| | ||
| 020 | _cRS250 | ||
| 040 |
_e231103 _aMAIN |
||
| 041 | _aEnglish | ||
| 082 | _a891.431721 VA215K | ||
| 100 | _aवाजपेयी, अशोक | ||
| 245 | 0 | _aकहीे कोई दरवाजा | |
| 260 |
_aनई दिल्ली _bराजकमल प्रकाशन _c2013 |
||
| 300 | _a108 पृ. p. | ||
| 500 | _a2262 01/02/2016 KB15/299 17/02/2016 Hindi UGC | ||
| 942 | _cBK | ||
| 999 |
_c17713 _d17713 |
||